000 01116nam a22003377a 4500
003 CHAP
005 20220329134600.0
008 971013c19581951 r 00010 d
010 _a22520
011 _a23492
035 _a27588
040 _cCHAP
082 _a463
_bA83
100 0 0 _aAugé, Claude
_eed.
_98326
245 _aNuevo pequeño Larousse ilustrado. Diccionario enciclopédico
250 _a32 ed.
260 _aParis :
_bLarousse,
_c1958 (c.1951)
300 _a1520 p.
_b: ilus
590 _aBATCH-UPD
_b10
_c20130110
_lUCH01
_h2049
590 _aBATCH-UPD
_b10
_c20130410
_lUCH01
_h1402
590 _aBATCH-UPD
_b10
_c20130914
_lUCH01
_h1333
590 _aCONVERSION
_b10
_c20130109
_lUCH01
_h1313
650 1 4 _aEspañol
_xDiccionarios.
_937725
901 _aBK
942 _cLIBRO
949 _a463 A83
_bBC
_cC
_d-100236
_eC
_fc.2
_h10423
_i27588
_si
949 _a463 A83
_bBC
_cC
_d-100237
_eC
_fc.4
_h10425
_i27588
_si
949 _a463 A83
_bBC
_cC
_d-100238
_eC
_fc.5
_h10426
_i27588
_si
949 _a463 A83
_bBC
_cC
_d-100239
_eC
_fc.6
_h10427
_i27588
_si
949 _a463 A83
_bBC
_cC
_d-100240
_eC
_fc.8
_h10428
_i27588
_si
999 _c22520
_d22520